000 00300nam a22001337a 4500
008 171023b xxu||||| |||| 00| 0 eng d
020 _a9780135792773
041 _aeng
080 _a311
100 _a55
101 _aSTA
245 _aA FIRST COURSE IN STATISTICS
_cMCCLAVE, J.T
942 _2udc
_cBK
999 _c35602
_d35602